Normal view
MARC view
- Kumbhojkar Soniya- 2K211062 & Dr. Suvarna Dhamdhere – Guide
Entry Personal Name
001 - CONTROL NUMBER
- control field: 208130
003 - CONTROL NUMBER IDENTIFIER
- control field: OSt
005 - DATE AND TIME OF LATEST TRANSACTION
- control field: 20240808151046.0
008 - FIXED-LENGTH DATA ELEMENTS
- fixed length control field: 240808|| aca||aabn | a|a d
040 ## - CATALOGING SOURCE
- Original cataloging agency: OSt
- Transcribing agency: OSt
100 ## - HEADING--PERSONAL NAME
- Personal name: Kumbhojkar Soniya- 2K211062 & Dr. Suvarna Dhamdhere – Guide
670 ## - SOURCE DATA FOUND
- Source citation: Work cat.: (OSt)359366: Kumbhojkar Soniya- 2K211062 & Dr. Suvarna Dhamdhere – Guide , A Development of HR Analytics with Respect to Attrition Rate at Cummins India Ltd., March-2023